The Franz Ferdinand Quiz - Statistics

General Stats
  • This quiz has been taken 32 times
  • The average score is 9 of 11
Answer Stats
Hint Franz Ferdinand % Correct
Archduke of Austria-Hungary whose death sparked WW1 Franz Ferdinand
100%
Scottish rock band named after Franz Ferdinand Franz Ferdinand
91%
Debut album of Scottish rock band Franz Ferdinand Franz Ferdinand
88%
Lion from the Alfred J. Kwak cartoon series, named after Franz Ferdinand Franz Ferdinand
84%
SMS Erzherzog _____ _________, a warship named after the Archduke Franz Ferdinand Franz Ferdinand
84%
_____ _________ von Rummel, Prince-Bishop of Vienna and tutor of Joseph I, no relation to Franz Ferdinand Franz Ferdinand
81%
German baroque painter who worked in Italy, _____ _________ Richter, also no relation to Franz Ferdinand Franz Ferdinand
78%
19th century German orientalist and exegete, _____ _________ Benary, no relation to Franz Ferdinand Richter Franz Ferdinand
78%
Franz Ferdinand Schulze, 19th century German chemist and microbiologist Franz Ferdinand
78%
Franz Ferdinand Heymann, British for some reason Franz Ferdinand
78%
Race horse which inspired Franz Ferdinand to name themselves after Franz Ferdinand whose name I've gotten wrong Franz Ferdinand (horse)
78%
No matching quizzes found
Score Distribution
Percent of People with Each Score
Percentile by Number Answered
Your Score History
You have not taken this quiz